LEADER 01383nam a2200313 u 4500 001 000000016869 003 CaOOAMICUS 005 20070226110036.0 008 940517s1981 fr u000 u fre u 020 $a2-85121-039-4 035 $a10394716 040 $aEFR(R)$bita$dPUL(R) 100 1 $aHadot, Pierre,$d1922-2010.$0(OLS)http://pul/name/11446 245 10$aExercices spirituels et philosophie antique /$cPierre Hadot. 260 $aParis :$bEtudes augustiniennes,$c1981. 300 $a206 p. ;$c25 cm 500 $aRecueil de textes extraits pour la plupart de diverses revues et publications, 1972-1978. 504 $aNotes biliogr. Index. 600 04$aSocrates,$dca. 470-c. 399 a.C.$0(OLS)http://pul/subject/12166 600 00$aMarcus Aurelius,$cEmperor of Rome,$d121-180.$2//eng$0(OLS)http://pul/subject/11976 650 0$aPhilosophy, Ancient.$2//eng$0(OLS)http://pul/subject/595 850 $aPUL 852 $aPUL$W1$xSL Religione 1$y3$m41 F 68$j23751$nBK-PRI$b $qStampati$B23751$CPULBib$Z2$F23751 $H $81 941 1 $a8 960 $aSocrate,$dca. 470-399 a.C.$912166 961 $aINV: 49142 996 $6020$a2-85121-039-4$9(OLS)http://pul/number/21719 996 $6245$aExercices spirituels et philosophie antique$9(OLS)http://pul/title/24104 996 $6260$aParis :$bEtudes augustiniennes$9(OLS)http://pul/publisher/48226 LEADER 00978nam a2200229 u 4500 001 000000121058 003 CaOOAMICUS 005 20100408114044.0 008 100408s1972 be u000 u fre r 040 $aPUL$bita$dMCT 100 1 $aCousineau, Robert Henri.$0(OLS)http://pul/name/75809 245 10$aDe l'historicité à l'action :$bl'herméneutique du comportement /$cRobert Henri Cousineau. 260 $aLouvain-Paris :$bNauwelaerts,$c©1972. 300 $a487 p. ;$c24 cm 504 $aBibliografia in nota. 650 4$aErmeneutica$ySec. XX$xStudi.$0(OLS)http://pul/subject/25981 650 4$aOntologia$xStudi.$0(OLS)http://pul/subject/23178 850 $aPUL 852 $aPUL$W1$xDP1 Filosofia 1$y19$m586 D 13$j138807$qStampati$B138047$CPULBib$Z2$F138047 $82 941 1 $a8 996 $6245$aDe l'historicité à l'action :$bl'herméneutique du comportement$9(OLS)http://pul/title/152253 996 $6260$aLouvain-Paris :$bNauwelaerts$9(OLS)http://pul/publisher/78011